000 00627nam a2200181Ia 4500
008 090124s9999 xx 000 0 und d
082 _b118612
100 _aअष्टीकर मंदाकिनी
245 _a अशी खंत होती स्मृतीला
250 _a1
260 _c1981
300 _a172
600 _aअष्टीकर मंदाकिनी
630 _a अशी खंत होती स्मृतीला
700 _aअष्टीकर मंदाकिनी
730 _a अशी खंत होती स्मृतीला
942 _cBOOK
999 _c164698
_d164698